Loading...
| Mythology | 0 | 7 | 0 | 0 | 70 | 17 | 51.86 | 5 | 5 | 0.00 | 0.00 |
| Science - Physics | 0 | 4 | 0 | 0 | 40 | 62 | 96.50 | 0 | 2 | 0.00 | 0.00 |
| Religion | 0 | 4 | 1 | 2 | 35 | 97 | 109.25 | 1 | 2 | 0.00 | 0.00 |
| Philosophy | 0 | 3 | 0 | 0 | 30 | 65 | 86.00 | 0 | 2 | 0.00 | 0.00 |
| Science - Other | 0 | 3 | 0 | 0 | 30 | 66 | 96.67 | 0 | 3 | 0.00 | 0.00 |
| Science - Biology | 0 | 2 | 1 | 0 | 15 | 97 | 103.50 | 0 | 2 | 0.00 | 0.00 |
| Science - Chemistry | 0 | 2 | 1 | 1 | 15 | 47 | 85.50 | 1 | 1 | 0.00 | 0.00 |
| History - American | 0 | 1 | 0 | 1 | 10 | 104 | 104.00 | 0 | 0 | 0.00 | 0.00 |
| Fine Arts - Classical Music | 0 | 1 | 1 | 0 | 5 | 121 | 121.00 | 0 | 0 | 0.00 | 0.00 |
| Fine Arts - Other | 0 | 1 | 1 | 0 | 5 | 132 | 132.00 | 0 | 0 | 0.00 | 0.00 |
| Geography/Current Events | 0 | 1 | 1 | 0 | 5 | 111 | 111.00 | 0 | 0 | 0.00 | 0.00 |
| History - Other | 0 | 1 | 1 | 0 | 5 | 83 | 83.00 | 0 | 1 | 0.00 | 0.00 |
| Literature - World/Other | 0 | 1 | 1 | 0 | 5 | 151 | 151.00 | 0 | 1 | 0.00 | 0.00 |
| Social Science | 0 | 0 | 0 | 0 | 0 | 0.00 | 0 | 0 | 0.00 | 0.00 | |
| Other Academic | 0 | 0 | 1 | 0 | -5 | 0.00 | 0 | 0 | 0.00 | 0.00 | |
| History - World | 0 | 0 | 1 | 0 | -5 | 0.00 | 0 | 0 | 0.00 | 0.00 | |
| History - European | 0 | 0 | 1 | 0 | -5 | 0.00 | 0 | 0 | 0.00 | 0.00 |